| 000 | 00681nam a2200181 a 4500 | ||
|---|---|---|---|
| 001 | 000017100 | ||
| 005 | 20200929165025.0 | ||
| 008 | 100317s1972 dr c 000 0 spa d | ||
| 040 |
_aDO-SdBNP _bspa _cBNPHU |
||
| 082 |
_axxx _bB131c |
||
| 111 | 2 |
_aConferencia un bacteriólogo catalán precursor de la terapia antibiótica _d(1972 jul. 2 : _cSanto Domingo) _937693 |
|
| 245 | 1 | 3 |
_aUn bacteriólogo catalán precursor de la terapia antibiótica / _cFabio A. Mota. |
| 260 |
_aSanto Domingo : _bAcademia Dominicana de Medicina, _c1972. |
||
| 300 |
_a51 p. : _bretrs. ; _c23 cm. |
||
| 500 | _aIncluye notas al pie de páginas | ||
| 700 | 1 |
_aMota, Fabio A. _epról. _923572 |
|
| 049 | _aBNPD | ||
| 999 |
_c16626 _d16626 |
||